000 01361nam a22003014a 4500
001 ebr10194896
003 CaPaEBR
006 m u
007 cr cn|||||||||
008 020419s2002 gw a sb 110 0 eng
020 _z3110171171 (acid-free paper)
040 _aCaPaEBR
_cCaPaEBR
035 _a(OCoLC)560389267
050 1 4 _aQA323
_b.F8652 2002eb
082 0 4 _a515/.73
_221
245 0 0 _aFunction spaces, interpolation theory, and related topics
_h[electronic resource] :
_bproceedings of the international conference in honour of Jaak Peetre on his 65th birthday : Lund, Sweden, August 17-22, 2000 /
_ceditors, Michael Cwikel ... [et al.].
260 _aBerlin ;
_aNew York :
_bWalter de Gruyter,
_c2002.
300 _ax, 462 p. :
_bill. (some col.).
504 _aIncludes bibliographical references.
533 _aElectronic reproduction.
_bPalo Alto, Calif. :
_cebrary,
_d2013.
_nAvailable via World Wide Web.
_nAccess may be limited to ebrary affiliated libraries.
650 0 _aFunction spaces
_vCongresses.
650 0 _aInterpolation
_vCongresses.
655 7 _aElectronic books.
_2local
700 1 _aPeetre, Jaak,
_d1935-
700 1 _aCwikel, M.
_q(Michael),
_d1948-
710 2 _aebrary, Inc.
856 4 0 _uhttp://site.ebrary.com/lib/rucke/Doc?id=10194896
_zAn electronic book accessible through the World Wide Web; click to view
999 _c220831
_d220831